LEADER 01020nam a2200253 u 4500 001 000000065060 003 CaOOAMICUS 005 20070226121426.0 008 011129s1942 it u000 u ita u 035 $a10911960 040 $aPUL(R)$bita 100 1 $aTarozzi, Giuseppe.$0(OLS)http://pul/name/3443 245 13$aLa varietà infinita dei fatti :$be la libertà morale /$cGiuseppe Tarozzi. 260 $aNapoli :$bSandron,$c1942. 300 $a144 p. ;$c17 cm 490 1 $aBiblioteca Sandron di scienze e lettere 650 4$aLibertà.$0(OLS)http://pul/subject/40 650 4$aMorale.$0(OLS)http://pul/subject/5288 830 0$aBiblioteca Sandron di scienze e lettere.$0(OLS)http://pul/title/31318 850 $aPUL 852 $aPUL$W1$xDP2 Filosofia 1$y62$m92 E 36$j84268$nBK-PRI$b $qStampati$B84268$CPULBib$Z2$F84268 $81 941 1 $a8 996 $6245$aLa varietà infinita dei fatti :$be la libertà morale$9(OLS)http://pul/title/86599 996 $6260$aNapoli :$bSandron$9(OLS)http://pul/publisher/71061 LEADER 01109nam a2200277 u 4500 001 000000081513 003 CaOOAMICUS 005 20070226123749.0 008 050323s1908 it u000 u ita u 035 $a11035792 040 $aPUL(R)$bita 041 1 $aita$hfre 100 1 $aCanet, Louis,$d1883-1958.$0(OLS)http://pul/name/9158 245 13$aLa libertà di pensare e il libero pensiero /$cdell'abate Canet. 260 $aRoma :$bDesclée,$c1908. 300 $a63 p. ;$c19 cm 490 1 $aScienza e religione.$aStudi per i tempi presenti ;$v49 500 $a"Dalla terza edizione francese". 504 $aBibliografia in nota. 650 4$aLibertà di pensiero.$0(OLS)http://pul/subject/16881 830 0$aScienza e religione.$pStudi per i tempi presenti ;$v49.$0(OLS)http://pul/title/3545 850 $aPUL 852 $aPUL$W1$xDP1 Fondo Cecchetti$y53$m260 G 99$j194148$nBK-PRI$b $qFondi$B103958$CPULBib$Z2$F103958 $81 941 1 $a1 996 $6245$aLa libertà di pensare e il libero pensiero$9(OLS)http://pul/title/106601 996 $6260$aRoma :$bDesclée$9(OLS)http://pul/publisher/48185